LIBRARY & INFORMATION CENTRE, KCAET, TAVANUR

ONLINE PUBLIC ACCESS CATALOGUE (OPAC)

Agricultural statistics: Techniques and Procedures (Record no. 1956)

MARC details
000 -LEADER
fixed length control field 00391cam a2200157ua 4500
020 ## - INTERNATIONAL STANDARD BOOK NUMBER
ISBN 8177540785
082 ## - DEWEY DECIMAL CLASSIFICATION NUMBER
Classification number 519.5063
Item number MAN/AG
100 ## - MAIN ENTRY--AUTHOR NAME
Personal name Mandal, R C .
245 ## - TITLE STATEMENT
Title Agricultural statistics: Techniques and Procedures
250 ## - EDITION STATEMENT
Edition statement 1 /
260 ## - PUBLICATION, DISTRIBUTION, ETC. (IMPRINT)
Place of publication Jodhpur:
Name of publisher Agrobios (India)
Year of publication 2007
300 ## - PHYSICAL DESCRIPTION
Number of Pages 200 ; .
500 ## - GENERAL NOTE
General note *CSS
700 1# - ADDED ENTRY--PERSONAL NAME
Personal name Nambiar, P T N .
942 ## - ADDED ENTRY ELEMENTS (KOHA)
Koha item type Books
Holdings
Withdrawn status Lost status Damaged status Home library Current library Date acquired Full call number Accession Number Koha item type Collection code Shelving location Source of acquisition Cost, normal purchase price
      KAUAET KAUAET 07/04/2012 519.5063 MAN/AG 19748 Books        
      KAUAET KAUAET 07/04/2012 519.5063 MAN/AG 19570 Books        
      KAUAET KAUAET 07/04/2012 519.5063 MAN/AG 19571 Books        
      KAUAET KAUAET 14/07/2016 519.5063 MAN/AG 24803 Books   General Stacks Arunima Book Distributors,TVPM 450.00
free website counter